Thơ miền Trung thế kỷ XX /

Tập thơ tuyển chọn những bài thơ hay viết về miền Trung gồm các loại: trữ tình, đả kích, thơ thiếu nhi... Thơ miền Trung tiếp thụ được tinh hoa thơ cả nước qua các thời đại và phát triển độc đáo góp phần làm giàu cho thơ cả nước....

詳細記述

保存先:
書誌詳細
その他の著者: Tế Hanh (Tuyển chọn.), Ngô Thị Oanh (Tuyển chọn.), Thanh Quế (Tuyển chọn.), Nguyễn Trọng Tạo (Tuyển chọn.), Xuân Tùng (Tuyển chọn.), Thanh Thảo (Tuyển chọn.)
フォーマット: 図書
言語:Vietnamese
出版事項: Đà Nẵng : Nxb Đà Nẵng, 1995.
主題:
タグ: タグ追加
タグなし, このレコードへの初めてのタグを付けませんか!
Thư viện lưu trữ: Mạng thư viện Đại học Đà Nẵng
LEADER 01524cam a2200409 i 4500
001 000044369
003 2739
005 20040521141950.0
008 010314b1995 vm 000 vie
020 |c 125000 
022 |a T 
040 |a IRC  |c IRC  |d IRC 
041 0 |a vie 
082 1 4 |a 895.921008  |b Th-M 
245 0 0 |a Thơ miền Trung thế kỷ XX /  |c Tế Hanh, Ngô Thị Oanh, Thanh Quế, Nguyễn Trọng Tạo, Xuân Tùng, Thanh Thảo Tuyển chọn. 
260 |a Đà Nẵng :  |b Nxb Đà Nẵng,  |c 1995. 
300 |a 807tr. ;  |c 24cm. 
520 3 |a Tập thơ tuyển chọn những bài thơ hay viết về miền Trung gồm các loại: trữ tình, đả kích, thơ thiếu nhi... Thơ miền Trung tiếp thụ được tinh hoa thơ cả nước qua các thời đại và phát triển độc đáo góp phần làm giàu cho thơ cả nước. 
630 0 4 |a Thơ. 
630 0 4 |a Văn học Việt. 
650 0 4 |a Thi ca Việt  |z Miền Trung (Việt Nam)  |y Thế kỷ XX. 
700 1 |a Tế Hanh,  |e Tuyển chọn. 
700 1 |a Ngô Thị Oanh,  |e Tuyển chọn. 
700 1 |a Thanh Quế,  |e Tuyển chọn. 
700 1 |a Nguyễn Trọng Tạo,  |e Tuyển chọn. 
700 1 |a Xuân Tùng,  |e Tuyển chọn. 
700 1 |a Thanh Thảo,  |e Tuyển chọn. 
OWN |a DUT 
999 |a From the UDN01 
TYP |a Monograph 
TYP |a Printed language 
980 |a Mạng thư viện Đại học Đà Nẵng